000
00307cam a2200121ua 4500
082
_a
821
_b
JON/MO
100
_a
Jones, Phyllis .
_9
1823
245
0
0
_a
Modern Verse ( 1900-1950) /
260
_a
London :
_b
Oxford University Press ,
_c
1962.
300
_a
294 ; .
490
0
_a
The World`s Classics,
942
_c
BK
999
_c
477
_d
477